000 00458nam a2200157 i 4500
001 69717
003 ES-MaACL
005 20230906170605.0
007 t|
008 040709s1965 sp ||||1| spa d
100 1 _aGarcía Garrido, Manuel J.
_954676
245 1 0 _aCasuismo y jurisprudencia romana /
_cManuel García Garrido.
260 _a[Vigo :
_bs.n.,
_c1965] (
_fTip. Faro de Vigo)
300 _a178 p. ;
_c22 cm.
852 _aES-MaACL
_jC-26393
_bR.57759
999 _c69717
_d69717